Countries Translate: German-English - Statistics

General Stats
  • This quiz has been taken 17 times
  • The average score is 41 of 69
Answer Stats
English Name German Name % Correct
Canada Kanada
93%
Germany Deutschland
86%
Italy Italien
86%
Austria Österreich
86%
Albania Albanien
79%
Algeria Algerien
79%
Armenia Armenien
79%
Australia Australien
79%
France Frankreich
79%
India Indien
79%
Cuba Kuba
79%
Russia Russland
79%
Switzerland Schweiz
79%
Spain Spanien
79%
Belgium Belgien
71%
Brazil Brasilien
71%
Bulgaria Bulgarien
71%
Indonesia Indonesien
71%
Iraq Irak
71%
Ireland Irland
71%
Iceland Island
71%
Croatia Kroatien
71%
Liberia Liberien
71%
Luxembourg Luxemburg
71%
Sweden Schweden
71%
Argentina Argentinien
64%
Finland Finnland
64%
Yemen Jemen
64%
Madagascar Madagaskar
64%
Mexico Mexiko
64%
North Korea Nordkorea
64%
Poland Polen
64%
South Korea Südkorea
64%
Turkey Türkei
64%
Hungary Ungarn
64%
Egypt Ägypten
57%
Bangladesh Bangladesch
57%
Denmark Dänemark
57%
Jamaica Jamaika
57%
Mozambique Mosambik
57%
New Zealand Neuseeland
57%
Zambia Sambia
57%
Slovenia Slowenien
57%
South Africa Südafrika
57%
Syria Syrien
57%
Vatican City Vatikanstadt
57%
Greece Griechenland
50%
Kenya Kenia
50%
Lebanon Libanon
50%
Netherlands Niederlände
50%
Norway Norwegen
50%
Romania Rumänien
50%
Saudi Arabia Saudi-Arabien
50%
Slovakia Slowakei
50%
Libya Libyen
43%
Lithuania Litauen
43%
Morocco Marokko
43%
Phillipines Philippinen
43%
United Kingdom Vereinigtes Königreich
43%
United States Vereinigte Staaten
43%
Azerbaijan Aserbaidschan
36%
Ivory Coast Elfenbeinküste
36%
Estonia Estland
36%
Czech Republic Tschechien
36%
Tunisia Tunesien
36%
Dominican Republic Dominikanische Republik
29%
Bahrain Bahrein
21%
United Arab Emirates Vereinigte Arabische Emirate
21%
Bolivia Boliviene
0%
No matching quizzes found
Score Distribution
Percent of People with Each Score
Percentile by Number Answered
Your Score History
You have not taken this quiz